LEADER 00821nam a2200217 i 4500 001 000000146494 003 CaOOAMICUS 005 20060104000000.0 008 060104s1939 it u000 u spa u 013 $a123175 040 $aSeMil$bita 100 1 $aEscrivá de Balaguer, Josemaría,$c.$0(OLS)http://semarc/name/90553 245 10$aCamino /$cJosé Maria Escrivà. 260 $aValencia :$b[s.n.],$c1939. 300 $a335 p. ;$c26 cm. 650 4$aCristianesimo - Meditazioni.$0(OLS)http://semarc/subject/1977 850 $aSeMil 852 $aSeMil$W1$xVenegono$y1$m662 61 *$j99152$B99152$CSeMilBibl$Z2$F107529 $81 961 $aRecupero: Biblioteca Seminario Saronno 996 $6245$aCamino$9(OLS)http://semarc/title/214219 996 $6260$aValencia :$b[s.n.]$9(OLS)http://semarc/publisher/30967 LEADER 00833nam a2200217 i 4500 001 000000225735 003 CaOOAMICUS 005 20131217000000.0 008 131217s1794 it u000 u fre u 013 $a204637 026 $aosos esu- s-e- dane (3) 1784 (F) 040 $aSeMil$bita 245 10$aTome 2. 300 $a[4], 575, [1] p. 500 $aSegn. : pigreco2 a-2m8 2n-2o4. 773 0 $tOeuvres de Séneque le philosophe. Traduction de Lagrange, avec notes de critique, d'histoire et de littérature. Tome 1. [7.].$dA Tours : Chez Letourmi le jeune, An 3 de la République française [1794]$g2$w()29267 850 $aSeMil 852 $aSeMil$W1$xVenegono$y1$m2R IV 111 FA$j176081$B176081$CSeMilBibl$Z2$F186584 $8I 941 1 $a10 961 $aOmaggio: Mantegazza 996 $6245$aTome 2$9(OLS)http://semarc/title/1533